[Event "Sao Bento do Sul U2050 2nd"]
[Site "Sao Bento do Sul"]
[Date "2016.09.17"]
[Round "4.25"]
[White "Alves, Gabriel Felipe"]
[Black "Schutzler, Yan Sidnei"]
[Result "1/2-1/2"]
[WhiteElo "1608"]
[BlackElo "1329"]
[PlyCount "47"]
[EventDate "2016.09.16"]
[EventType "swiss"]
[EventRounds "7"]
[EventCountry "BRA"]
[SourceTitle "EXT 2022"]
[Source "ChessBase"]
[SourceDate "2021.10.06"]
[SourceVersion "1"]
[SourceVersionDate "2021.10.06"]
[SourceQuality "1"]

1. d4 d5 2. c4 Nf6 3. Nc3 c6 4. Bg5 e6 5. Nf3 Be7 6. e3 0-0 7. cxd5 exd5 8. Bd3 h6 9. h4 Nh7 10. Qc2 Nxg5 11. hxg5 Bxg5 12. Ne5 Nd7 13. Nf3 Bf6 14. Ne2 Re8 15. Ng3 Nf8 16. 0-0-0 Bd7 17. Nh5 Rc8 18. Nxf6+ Qxf6 19. Rh4 Ng6 20. Rh2 b6 21. Kb1 c5 22. Qd2 c4 23. Bc2 Qd6 24. Rdh1 1/2-1/2

[Event "BRA-ch U18"]
[Site "Itajai"]
[Date "2016.06.10"]
[Round "2"]
[White "Alves, Gabriel Felipe"]
[Black "Leacima, Giovane Santiago"]
[Result "0-1"]
[WhiteElo "1608"]
[BlackElo "1714"]
[PlyCount "57"]
[EventDate "2016.06.09"]
[EventType "swiss"]
[EventRounds "6"]
[EventCountry "BRA"]
[SourceTitle "CBM 172 Extra"]
[Source "ChessBase"]
[SourceDate "2016.06.21"]
[SourceVersion "1"]
[SourceVersionDate "2016.06.21"]
[SourceQuality "1"]

1. e4 e5 2. Nf3 Nc6 3. Bc4 Nf6 4. d3 Bc5 5. Bg5 d6 6. Nbd2 Bg4 7. c3 a6 8. h3 Bd7 9. Nh2 Qe7 10. a3 Be6 11. Nhf1 Rd8 12. Ne3 h6 13. Bh4 g5 14. Bg3 Bxe3 15. fxe3 d5 16. exd5 Bxd5 17. e4 Bxc4 18. Nxc4 Nxe4 19. Bh2 Nc5 20. 0-0 Nxd3 21. Qf3 e4 22. Qe2 0-0 23. Rf5 Qe6 24. Qg4 Ne7 25. Raf1 Nxf5 26. Rxf5 Rd5 27. Ne3 Rxf5 28. Qxf5 Qxf5 29. Nxf5 0-1